[Event "2nd Sharjah Masters 2018"]
[Site "Sharjah"]
[Date "2018.04.19"]
[Round "9"]
[White "Aradhya, Garg"]
[Black "Mohammed Ahmed said Al Amri"]
[Result "1/2-1/2"]
[WhiteElo "2218"]
[BlackElo "1822"]
[Annotator "NA"]
[PlyCount "95"]
[EventDate "2018.??.??"]
[EventType "swiss"]
[EventCountry "UAE"]
[SourceTitle "playchess.com"]
[Source "ChessBase"]
[SourceQuality "1"]
[TimeControl "5400+30"]

1. d4 {[%emt 0:01:46]} Nf6 {[%emt 0:00:09]} 2. c4 {[%emt 0:00:03]} e6 {[%emt 0:00:11]} 3. Nc3 {[%emt 0:04:14]} c5 {[%emt 0:00:21]} 4. d5 {[%emt 0:01:15]} exd5 {[%emt 0:01:10]} 5. cxd5 {[%emt 0:00:07]} d6 {[%emt 0:00:05]} 6. e4 {[%emt 0:00:05]} g6 {[%emt 0:00:00]} 7. Nf3 {[%emt 0:00:04]} Bg7 {[%emt 0:04:27]} 8. h3 {[%emt 0:00:37]} O-O {[%emt 0:00:10]} 9. Bd3 {[%emt 0:00:13]} b5 {[%emt 0:00:51]} 10. Nxb5 {[%emt 0:00:32]} Nxe4 {[%emt 0:01:07]} 11. Bxe4 {[%emt 0:00:46]} Re8 {[%emt 0:00:20]} 12. Ng5 {[%emt 0:01:33]} f5 {[%emt 0:01:36]} 13. O-O {[%emt 0:10:19] A70: Modern Benoni: 6 e4 g6 7 Nf3} fxe4 {[%emt 0:00:04]} 14. Ne6 {[%emt 0:00:11]} Bxe6 {[%emt 0:02:37]} 15. dxe6 {[%emt 0:00:02]} d5 {[%emt 0:00:32]} (15... Na6 16. Nxd6 Rxe6 17. Bf4 Qd7 18. Qb3 Kh8 19. Rad1 Bd4 20. Nb5 Rf8 {1-0 (30) Ivanov,J (2465)-Topak,E (2308) Ankara 2011}) 16. e7 {[%emt 0:19:52]} Rxe7 {[%emt 0:08:53]} 17. Bg5 {[%emt 0:00:18]} Nc6 {[%emt 0:00:08] [#]} 18. Rc1 $1 $146 {[%emt 0:02:46]} ({Predecessor:} 18. Bxe7 Nxe7 19. Qc2 Qb6 20. Nc3 Rf8 {1-0 (38) Nurgali,N (2006)-Timirev,S (1772) St Petersburg 2017}) 18... c4 {[%emt 0:04:27]} 19. b3 {[%emt 0:08:56]} a6 {[%emt 0:01:07]} 20. Nc3 {[%emt 0:08:40]} d4 {[%emt 0:01:59]} 21. Nxe4 {[%emt 0:00:25]} c3 {[%emt 0:00:00]} 22. Re1 {[%emt 0:09:06]} Qc7 {[%emt 0:01:46]} 23. Bxe7 {[%emt 0:01:22]} Nxe7 {[%emt 0:00:01]} 24. Nxc3 {[%emt 0:01:48]} dxc3 $18 {[%emt 0:10:01] [#]} 25. Rxe7 $1 {[%emt 0:00:10]} Qc6 {[%emt 0:01:31]} 26. Rxg7+ {[%emt 0:06:54]} Kxg7 {[%emt 0:00:17]} 27. Qd4+ {[%emt 0:00:02]} Kg8 {[%emt 0:01:16]} 28. Rxc3 {[%emt 0:01:09]} Qe6 {[%emt 0:01:05]} 29. Qc4 {[%emt 0:00:14]} Qxc4 {[%emt 0:00:26]} 30. Rxc4 {[%emt 0:03:09]} Kg7 {[%emt 0:00:34]} 31. Rc7+ {[%emt 0:00:46]} Kg8 {[%emt 0:00:25]} 32. b4 {[%emt 0:01:15]} Rd8 {[%emt 0:00:15]} 33. Ra7 {[%emt 0:00:07]} Rd1+ {[%emt 0:00:05]} 34. Kh2 {[%emt 0:00:01]} Rd6 {[%emt 0:00:43]} 35. a4 {[%emt 0:00:54]} h5 {[%emt 0:00:09]} 36. a5 {[%emt 0:00:39]} Kf8 {[%emt 0:01:33]} 37. Rb7 {[%emt 0:00:11]} Ke8 {[%emt 0:00:08]} 38. Rb6 {[%emt 0:01:13]} Rxb6 {[%emt 0:01:26]} 39. axb6 Kd7 40. g4 {[%emt 0:00:19]} Kc6 {[%emt 0:00:03]} 41. gxh5 {[%emt 0:00:16]} gxh5 {[%emt 0:00:03]} 42. f4 {[%emt 0:00:17]} Kxb6 {[%emt 0:00:01]} 43. f5 {[%emt 0:00:09]} Kc6 {[%emt 0:00:58]} 44. Kg3 {[%emt 0:00:14]} Kd5 {[%emt 0:00:02]} 45. Kf4 {[%emt 0:00:09]} Kd6 {[%emt 0:00:18]} 46. h4 {[%emt 0:00:06]} Kd5 {[%emt 0:00:05]} 47. Kg5 {[%emt 0:00:06]} Ke5 {[%emt 0:00:02]} 48. f6 {[%emt 0:00:04]} 1/2-1/2

[Event "2nd Sharjah Masters 2018"]
[Site "Sharjah"]
[Date "2018.04.19"]
[Round "9"]
[White "Poormosavi, Seyed Kian"]
[Black "Grivas, Efstratios"]
[Result "0-1"]
[WhiteElo "2218"]
[BlackElo "2468"]
[Annotator "TA"]
[PlyCount "108"]
[EventDate "2018.??.??"]
[EventType "swiss"]
[EventCountry "UAE"]
[SourceTitle "playchess.com"]
[Source "ChessBase"]
[SourceQuality "1"]

{[%evp 22,108,8,10,30,7,23,-19,-13,-35,-28,-31,-20,-46,-37,-75,-84,-91,-98,-152,-159,-165,-164,-160,-139,-193,-134,-218,-213,-243,-223,-241,-241,-229,-229,-224,-226,-231,-230,-220,-159,-344,-344,-434,-432,-430,-420,-375,-310,-399,-358,-346,-287,-946,-453,-673,-656,-581,-416,-303,-19,-8,0,0,0,0,0,-70,-70,-70,-70,-70,-70,-70,-70,-70,-70,-70,-70,-80,-96,-724,-724,-724,-724,-676,-676,-614,-282]} 1. e4 e5 2. d4 Nf6 3. c4 g6 4. Nc3 Bg7 5. Nf3 d6 6. Be2 O-O 7. d5 a5 8. Bg5 h6 9. Bh4 g5 10. Bg3 Nh5 11. O-O {E92: King's Indian: Classical: 6 Be2 e5: 7 dxe5, 7 Be3 and Petrosian System without 7...Nbd7} (11. h4 g4 12. Nd2 Nxg3 13. fxg3 h5 14. Qc2 Na6 15. O-O-O Qf6 16. Rhf1 Qh6 17. Kb1 Bd7 18. a3 a4 {0-1 (60) Aronian,L (2785)-Grischuk,A (2737) Doha 2016}) 11... Nf4 12. Nd2 {LiveBook: 18 Games} Qe8 13. Rb1 $146 {White has an edge.} ({Find the theoretical novelty and annotate with similar games:} 13. Bg4 Bd7 14. Bxd7 Qxd7 15. Qc2 h5 16. f3 Kh8 17. Kh1 Rg8 {1-0 (58) Haydon,R (2220)-Buckley,S (2110) Hanham 1997}) 13... f5 14. exf5 (14. Bxf4 $5 exf4 15. Bh5 $11) 14... Bxf5 15. Nde4 Qg6 16. f3 Nd7 17. Rc1 h5 (17... g4 $5) 18. Nb5 Rac8 (18... Bxe4 $6 19. fxe4 Qxe4 20. Bxf4 $11) 19. Bxf4 exf4 (19... gxf4 $6 20. Bd3 $14) 20. Nd4 (20. Bd3 $142) 20... Bxe4 $17 21. fxe4 {[#]} Bxd4+ $1 (21... Qxe4 22. Ne6 $14) 22. Qxd4 b6 23. Qd2 (23. g3 $17) 23... Ne5 (23... Qxe4 24. Bxh5 Ne5 25. Bf3 $15) ({Black should try} 23... Rf7 $19 24. Qd4 g4) 24. a3 (24. h4 $17) 24... Rf7 $19 ({Resist} 24... Qxe4 25. Bxh5 Nxc4 26. Qe2 $17) 25. b4 axb4 26. axb4 Rcf8 27. c5 bxc5 (27... Qxe4 28. Bxh5 Re7 29. Bf3 $11) 28. bxc5 g4 29. cxd6 cxd6 30. Ba6 f3 31. Rc8 $2 (31. Bc8 $17 {is a better defense.} fxg2 32. Rxf7 Rxf7 33. Qe2) 31... h4 32. Qe3 Kg7 33. Rxf8 Rxf8 ({Less strong is} 33... Kxf8 34. Bc8 $15) 34. Qd4 Rf4 35. Qa7+ Rf7 36. Qd4 Rc7 37. Rf2 $2 (37. Qe3) 37... Kh7 (37... fxg2 $142 38. Rxg2 Rc1+ 39. Bf1 Qf6) 38. g3 Qh6 39. Bf1 Rc1 40. Qa7+ Kg6 $2 (40... Kh8 $19 {Threatens to win with ...hxg3.} 41. Qb8+ Kg7 42. Qb7+ Nf7 43. gxh4 Qe3 44. Qb2+ Ne5) 41. Qe7 $11 Qe3 42. Qxd6+ Kf7 (42... Kh7 $5 43. Qe7+ $8 Kg8 44. Qe6+ (44. Qe8+ Kh7 $11) 44... Kh7 45. Qe7+ Kg6 46. Qe8+ Kh7 47. Qe7+ $11) 43. Qe6+ Kf8 44. Qf6+ ({Only move:} 44. Qd6+ $11 Kg8 45. Qe6+ Kf8 46. Qd6+ Kf7 47. Qe6+ Kf8) 44... Nf7 $15 {[#] ( -> ...Rxf1+!)} 45. Qf4 Qxf4 46. gxf4 {[%mdl 4096] Endgame KRB-KRN} Nd6 47. h3 $1 g3 48. Rxf3 Nxe4 49. Rd3 $1 Nd6 {[%mdl 1024] ...Nf5 is the strong threat. Black has compensation.} 50. Re3 Nf5 51. Rd3 $2 {[%mdl 8192]} (51. Re4 $17) 51... Re1 $19 {Black is clearly winning.} 52. d6 Ne3 53. Rxe3 Rxe3 54. Bb5 Rf3 {Precision: White = 37%, Black = 61%.} (54... Rb3 $142 55. Be2 Rb1+ 56. Bf1 Rd1) 0-1

[Event "2nd Sharjah Masters 2018"]
[Site "Sharjah"]
[Date "2018.04.19"]
[Round "9"]
[White "Bhambure, Shantanu"]
[Black "Viani Antonio Dcunha"]
[Result "0-1"]
[WhiteElo "2155"]
[BlackElo "2435"]
[Annotator "TA"]
[PlyCount "91"]
[EventDate "2018.??.??"]
[EventType "swiss"]
[EventCountry "UAE"]
[SourceTitle "playchess.com"]
[Source "ChessBase"]
[SourceQuality "1"]

{[%evp 15,91,-22,-15,-34,-22,-25,-21,-47,-57,-58,-53,-87,-66,-107,-119,-100,-93,-84,-92,-364,-356,-349,-338,-364,-229,-211,-154,-145,-85,-192,-97,-91,-100,-93,-106,-103,-77,-203,-204,-208,-194,-202,-202,-194,-200,-202,-196,-199,-229,-349,-350,-419,-187,-188,0,-416,-425,-410,-394,-371,-294,-281,-284,-292,-216,-210,-189,-202,-137,-235,-227,-238,-242,-385,-380,-554,-540,-607]} 1. d4 d6 2. c4 e5 3. Nf3 e4 4. Ng5 Nf6 5. Nc3 Qe7 6. Qc2 {A54: Old Indian Defence with Nf3, but without e4} (6. g3 h6 7. Nh3 c6 8. Nf4 g6 9. Bg2 Bg7 10. e3 Bg4 11. Qc2 Bf5 12. h3 g5 13. Nfe2 Bg6 {½-½ (37) Andreikin,D (2737)-Rakhmanov,A (2667) Tallinn 2016}) 6... Nc6 7. d5 Nd4 8. Qd1 Nf5 $1 {LiveBook: 3 Games} 9. Qc2 {[%cal Rg5e4]} e3 10. f3 h5 $146 ({Predecessor:} 10... g6 11. g4 Bh6 12. Nge4 Nxe4 13. Nxe4 Nd4 {½-½ (59) Simantsev,M (2432)-Suran,J (2384) Prague 2015}) 11. g3 g6 12. b3 Bg7 {...h4 is the strong threat.} 13. Bb2 $1 h4 14. Rg1 hxg3 15. hxg3 Nd4 16. Qd3 Nd7 $36 {[%mdl 2048] Black is in control.} 17. f4 $2 {[%mdl 8192]} (17. O-O-O $17 Nc5 18. Qb1) 17... Nc5 $19 18. Qd1 Bf5 {Hoping for ...Nc2+.} 19. Rc1 a5 20. g4 Bc8 21. Na4 Qf6 (21... Nxa4 $142 22. bxa4 Nf3+ $1 {[%mdl 512]} 23. exf3 Bxb2) 22. Bxd4 (22. Qxd4 $17 {was the only chance.} Qxd4 23. Bxd4 Bxd4 24. Nc3) 22... Qxd4 (22... Qxf4 $19 {[%csl Ge3][%cal Rf4f2]} 23. Nf3 Rh1 24. Bxe3 (24. Nxc5 $2 Rxg1 25. Ne4 Qxe4 $19) 24... Qxe3 25. Rxh1 Ne4) 23. Qxd4 $17 Bxd4 24. Nf3 Bg7 25. Nxc5 dxc5 26. a4 (26. Rg3 $17 {is a better defense.}) 26... Ra6 $19 27. Kd1 Rf6 28. Rc3 Rxf4 29. Rxe3+ Kf8 30. g5 Bf5 31. Kd2 Bb2 32. Bg2 (32. Ke1 {was worth a try.}) 32... Rg4 33. Ke1 Bc1 (33... Bd4 $142 34. Nxd4 cxd4) 34. Rc3 Bb2 $2 (34... Bxg5 35. Nxg5 Rxg5) 35. Re3 Bd4 36. Nxd4 cxd4 37. Rf3 Be4 38. Rf2 Rxg5 39. Kf1 Bxg2+ 40. Rfxg2 Rxg2 41. Kxg2 {KR-KR} Rh4 {aiming for ...Rg4+.} 42. Kf3 (42. Rb1 $17) 42... Ke7 43. c5 Kf6 44. Rc1 {[#]} (44. Kg3 $142 Re4 45. Kf2) 44... Ke5 $1 45. c6 (45. Rb1 {keeps fighting.} Kxd5 46. b4) 45... b6 46. Kf2 {Precision: White = 33%, Black = 71%.} 0-1

[Event "2nd Sharjah Masters 2018"]
[Site "Sharjah"]
[Date "2018.04.19"]
[Round "9"]
[White "Ajay Karthikeyan"]
[Black "Kowsarinia, Amir"]
[Result "1-0"]
[WhiteElo "2127"]
[BlackElo "2316"]
[Annotator "TA"]
[PlyCount "121"]
[EventDate "2018.??.??"]
[EventType "swiss"]
[EventCountry "UAE"]
[SourceTitle "playchess.com"]
[Source "ChessBase"]
[SourceQuality "1"]

{[%evp 9,121,16,27,22,27,28,28,22,29,4,44,47,43,41,80,70,114,53,42,18,39,21,30,21,77,65,92,56,76,68,75,56,56,58,126,90,148,97,114,92,97,97,102,95,174,93,161,169,180,147,170,162,160,150,137,134,192,163,167,155,158,128,215,163,162,77,78,78,147,147,154,154,155,129,122,77,139,97,103,111,113,117,110,108,105,98,150,144,142,143,448,472,557,576,561,529,754,731,884,879,960,949,1077,1070,1373,1048,1252,1278,29976,29977,29993,29987,29984,29984]} 1. d4 Nf6 2. Bf4 g6 3. Nc3 c5 (3... d5 4. e3 Bg7 5. h4 h5 6. Nf3 Bg4 7. Be2 Bxf3 8. Bxf3 c6 9. Qd2 Nbd7 10. O-O-O b5 11. Kb1 {½-½ (34) Aronian,L (2797)-Vachier Lagrave,M (2793) Caleta 2018}) 4. d5 Qb6 5. Qd2 $146 ({Find the theoretical novelty and annotate with similar games:} 5. Rb1 Bg7 6. Nf3 O-O 7. e4 d6 8. Be2 Bg4 9. O-O Bxf3 10. Bxf3 Nbd7 11. Be2 {1-0 (64) Gholami,A (2422)-Mari Ooriad,P (2215) Rasht 2015}) 5... Bg7 6. Rb1 {A45: Trompowsky Attack} d6 7. e4 Nbd7 8. Nf3 {White has an edge.} a6 9. Be2 Qc7 10. a4 O-O 11. O-O Re8 12. h3 c4 13. Nd4 ({Better is} 13. Qe3 $16) 13... Nc5 $14 14. f3 (14. Bxc4 Nfxe4 15. Nxe4 Nxe4 $15) 14... Bd7 15. b3 (15. Bxc4 Ncxe4 16. fxe4 Qxc4 $15) 15... cxb3 16. cxb3 Rec8 (16... e5 $11 {keeps the balance.} 17. dxe6 Nxe6 18. Nxe6 Bxe6) 17. Rfc1 $16 Qd8 18. a5 Nh5 19. Be3 e5 20. dxe6 Nxe6 21. Nxe6 fxe6 (21... Bxe6 $14 22. Nd5 Bxd5 23. Qxd5 Qe7) 22. Bc4 Rc6 (22... Qe7 $142) 23. Ne2 (23. Na2 $142) 23... Qe7 24. Qb4 Rb8 25. Rd1 Bf8 26. Rd3 Kh8 (26... Nf6 $16 {was worth a try.}) 27. Rbd1 (27. Ba7 $18 Rbc8 28. Qxb7) 27... Qg7 (27... e5 $16 {is a better defense.}) 28. Qd2 $18 e5 29. Nc3 h6 30. g4 Nf4 31. Bxf4 exf4 32. Qxf4 Be7 (32... Be6 $16 {was necessary.} 33. Nd5 (33. Bxe6 Rxc3 34. Rxc3 Qxc3 $16) 33... Bxd5) 33. Nd5 Rf8 34. Qg3 Bd8 35. Nb6 Bc7 (35... Bg5 $16 36. Nd5 Be6) 36. Qe1 Be8 37. Qc3 (37. Qd2 $18 {and White stays clearly on top.}) 37... Qxc3 $16 38. Rxc3 Rc5 (38... Bxb6+ $142 39. axb6 Kg7) 39. b4 Rc6 40. Nd5 {Threatens to win with Ne7.} Bd8 41. Rdc1 Bg5 42. R1c2 Bh4 ({Black should try} 42... Bf7) 43. Be2 Be1 44. Rc4 Rxc4 45. Rxc4 ({But not} 45. Bxc4 $6 Rxf3 46. Be2 Rf8 $11) 45... Bb5 46. Rc2 Bc6 47. Ne7 Be8 (47... Kg7 $142 48. Nxc6 bxc6 49. Rxc6 Bxb4 50. Rxa6 Rc8) 48. Rc8 {[#] Nxg6+! is the strong threat.} Kg7 49. Rc7 $36 {[%mdl 2048] White is in control.} Kf6 $2 {[%mdl 8192]} (49... Rf7 $16) 50. Rxb7 $18 Ke5 51. Rb8 Kf6 52. Nd5+ Kg5 53. Nc7 Kh4 54. Kg2 d5 55. exd5 Rf7 56. Nxe8 Re7 57. Kf1 Bg3 58. d6 Re3 59. d7 {White mates.} Rb3 60. d8=Q+ Kxh3 61. Qd1 {Precision: White = 64%, Black = 38%.} 1-0

[Event "2nd Sharjah Masters 2018"]
[Site "Sharjah"]
[Date "2018.04.19"]
[Round "9"]
[White "Mullick, Raahil"]
[Black "Mohannad, Farhan"]
[Result "1-0"]
[WhiteElo "2053"]
[BlackElo "2219"]
[Annotator "NA"]
[PlyCount "109"]
[EventDate "2018.??.??"]
[EventType "swiss"]
[EventCountry "UAE"]
[SourceTitle "playchess.com"]
[Source "ChessBase"]
[SourceQuality "1"]
[TimeControl "5400+30"]

1. e4 {[%emt 0:02:34]} e6 {[%emt 0:00:08]} 2. d3 {[%emt 0:04:21]} d5 {[%emt 0:00:09]} 3. Nd2 {[%emt 0:00:34]} Nf6 {[%emt 0:00:05]} 4. Ngf3 {[%emt 0:00:06]} b6 {[%emt 0:00:54]} 5. c3 {[%emt 0:00:06]} Be7 {[%emt 0:00:50]} 6. Be2 {[%emt 0:03:12]} O-O {[%emt 0:00:14]} 7. O-O {[%emt 0:00:14]} c5 {[%emt 0:01:29]} 8. Re1 {[%emt 0:01:51]} Nc6 {[%emt 0:00:45]} 9. b3 {[%emt 0:02:45]} e5 {[%emt 0:04:39]} 10. Bb2 {[%emt 0:01:54]} d4 {[%emt 0:00:39]} 11. cxd4 {[%emt 0:03:11]} cxd4 {[%emt 0:00:42]} 12. Rc1 {[%emt 0:08:47]} Bb7 {[%emt 0:00:04]} 13. g3 {[%emt 0:07:06]} Nd7 {[%emt 0:00:54]} 14. Bf1 {[%emt 0:01:24]} a5 {[%emt 0:07:03]} 15. a3 {[%emt 0:05:49]} Nc5 {[%emt 0:03:47]} 16. Qc2 {[%emt 0:02:47]} Kh8 $17 {[%emt 0:03:55]} 17. Qb1 {[%emt 0:01:48]} f6 {[%emt 0:03:10]} 18. Be2 {[%emt 0:13:50]} f5 {[%emt 0:13:05]} 19. b4 {[%emt 0:19:32]} axb4 {[%emt 0:00:48]} 20. axb4 {[%emt 0:00:13]} Nxb4 {[%emt 0:01:13]} 21. Nxe5 {[%emt 0:00:26]} Na2 {[%emt 0:12:16]} 22. Rcd1 {[%emt 0:02:38]} b5 {[%emt 0:13:42]} 23. exf5 {[%emt 0:03:45]} Rxf5 {[%emt 0:00:52]} 24. Bg4 {[%emt 0:00:30]} Rf8 {[%emt 0:03:36]} 25. Bf3 {[%emt 0:04:53]} Bxf3 {[%emt 0:01:32]} 26. Ndxf3 {[%emt 0:01:51]} Qd5 {[%emt 0:01:12]} 27. Nxd4 {[%emt 0:04:49]} Na4 {[%emt 0:00:47]} 28. Nxb5 {[%emt 0:02:20]} Rab8 {[%emt 0:02:29]} 29. Nc4 {[%emt 0:00:34]} Rxb5 {[%emt 0:09:22]} 30. Bxg7+ {[%emt 0:00:28]} Kxg7 {[%emt 0:00:18]} 31. Rxe7+ {[%emt 0:00:39]} Kf6 {[%emt 0:01:58]} 32. Qxa2 {[%emt 0:00:01]} Kxe7 {[%emt 0:00:27]} 33. Qxa4 {[%emt 0:00:01]} Ra8 {[%emt 0:02:46]} 34. Re1+ {[%emt 0:00:20]} Kf8 {[%emt 0:00:14]} 35. Qc2 {[%emt 0:00:38]} Re8 {[%emt 0:00:23]} 36. Ra1 {[%emt 0:01:29]} Reb8 {[%emt 0:01:15]} 37. Qc1 {[%emt 0:00:30]} Kg8 {[%emt 0:00:32]} 38. Qd1 {[%emt 0:00:30]} Qd4 {[%emt 0:00:49]} 39. Kg2 {[%emt 0:00:27]} Rf8 {[%emt 0:00:13]} 40. Ra2 {[%emt 0:00:30]} Qd5+ {[%emt 0:02:29]} 41. Kg1 {[%emt 0:00:12]} Rfb8 {[%emt 0:00:21]} 42. Qg4+ {[%emt 0:00:30]} Kh8 {[%emt 0:00:05]} 43. Qe4 {[%emt 0:00:04]} Qd7 {[%emt 0:01:47]} 44. Ne5 {[%emt 0:00:55]} Qg7 {[%emt 0:00:07]} 45. Nc6 {[%emt 0:00:27]} Rg8 {[%emt 0:03:00]} 46. Ra7 {[%emt 0:00:37]} Rb7 {[%emt 0:00:04]} 47. Rxb7 {[%emt 0:00:46]} Qxb7 {[%emt 0:00:04]} 48. d4 {[%emt 0:00:27]} Ra8 {[%emt 0:02:22]} 49. d5 {[%emt 0:00:30]} Qc7 {[%emt 0:00:38]} 50. Ne7 {[%emt 0:00:34]} Ra1+ {[%emt 0:01:31]} 51. Kg2 {[%emt 0:00:00]} Rd1 {[%emt 0:00:06]} 52. Qe6 {[%emt 0:00:34]} Kg7 {[%emt 0:01:05]} 53. Nf5+ {[%emt 0:00:39]} Kf8 {[%emt 0:00:04]} 54. Qh6+ {[%emt 0:00:36]} Ke8 {[%emt 0:00:08]} 55. Qh5+ {[%emt 0:00:10]} 1-0

[Event "2nd Sharjah Masters 2018"]
[Site "Sharjah"]
[Date "2018.04.19"]
[Round "9"]
[White "Sun, Chao"]
[Black "Sultan, Ibrahim"]
[Result "0-1"]
[WhiteElo "2041"]
[BlackElo "2141"]
[Annotator "NA"]
[PlyCount "141"]
[EventDate "2018.??.??"]
[EventType "swiss"]
[EventCountry "UAE"]
[SourceTitle "playchess.com"]
[Source "ChessBase"]
[SourceQuality "1"]
[TimeControl "5400+30"]

1. e4 {[%emt 0:00:01]} e6 {[%emt 0:12:46]} 2. d4 {[%emt 0:05:41]} d5 {[%emt 0:00:57]} 3. Nd2 {[%emt 0:00:03]} c5 {[%emt 0:00:19]} 4. exd5 {[%emt 0:00:06]} Qxd5 {[%emt 0:00:18]} 5. Ngf3 {[%emt 0:00:03]} cxd4 {[%emt 0:00:10]} 6. Bc4 {[%emt 0:00:03]} Qd7 {[%emt 0:00:07]} 7. O-O {[%emt 0:00:07]} Nf6 {[%emt 0:00:04]} 8. Nb3 {[%emt 0:00:07]} Nc6 {[%emt 0:00:05]} 9. Nbxd4 {[%emt 0:00:09]} Nxd4 {[%emt 0:00:07]} 10. Qxd4 {[%emt 0:00:22]} Qxd4 {[%emt 0:01:09]} 11. Nxd4 {[%emt 0:00:06]} Bd7 {[%emt 0:00:07]} 12. Re1 {[%emt 0:03:18]} Bc5 {[%emt 0:07:00] C07: French Tarrasch: 3...c5, 4 Ngf3 and 4 exd5 Qxd5} 13. Be3 {[%emt 0:01:33]} Rc8 {[%emt 0:04:20]} (13... Ng4 14. Nxe6 Bxe3 15. Nd4 Rc8 16. Bb3 O-O 17. fxe3 Rfe8 18. e4 Kf8 19. Rad1 a5 20. a3 {1-0 (64) Plat,V (2569)-Meier,G (2647) chess.com INT 2018}) 14. Bb3 {[%emt 0:01:49]} O-O {[%emt 0:01:31]} 15. h3 {[%emt 0:00:27]} Rfd8 {[%emt 0:23:11]} 16. Rad1 {[%emt 0:00:09]} Bb6 $146 {[%emt 0:07:15]} ({Predecessor:} 16... Kf8 17. c3 a5 18. a4 Nd5 19. Bg5 Ne7 {½-½ (69) Pesotsky,V (2338)-Airapetian,G (2351) Lipetsk 2008}) 17. c3 {[%emt 0:00:32]} Be8 {[%emt 0:05:13]} 18. Nc2 {[%emt 0:04:41]} Bxe3 {[%emt 0:00:19]} 19. Nxe3 {[%emt 0:00:04]} Bc6 {[%emt 0:01:46]} 20. Rxd8+ {[%emt 0:01:28]} Rxd8 {[%emt 0:00:09]} 21. Rd1 {[%emt 0:00:02]} Rxd1+ {[%emt 0:00:31]} 22. Bxd1 {[%emt 0:00:03]} Kf8 {[%emt 0:00:44]} 23. f3 {[%emt 0:00:17]} g5 {[%emt 0:02:32]} 24. Kf2 {[%emt 0:00:11]} Nd7 {[%emt 0:03:57]} 25. g3 {[%emt 0:00:23]} Ne5 {[%emt 0:04:49]} 26. Be2 {[%emt 0:00:05]} Ke7 {[%emt 0:04:35]} 27. Nc4 {[%emt 0:00:39]} Nxc4 {[%emt 0:01:01]} 28. Bxc4 {[%emt 0:00:04]} Bd5 {[%emt 0:00:50]} 29. Bxd5 {[%emt 0:00:07]} exd5 {[%emt 0:00:02]} 30. Ke3 {[%emt 0:00:10]} Ke6 {[%emt 0:00:17]} 31. Kd4 {[%emt 0:00:31]} h5 {[%emt 0:01:36]} 32. g4 {[%emt 0:00:54]} h4 {[%emt 0:01:31]} 33. a4 {[%emt 0:00:21]} b6 {[%emt 0:04:40]} 34. b3 $11 {[%emt 0:00:16]} Kd6 {[%emt 0:02:58]} 35. c4 {[%emt 0:02:57]} dxc4 {[%emt 0:00:03]} 36. Kxc4 {[%emt 0:00:02]} Ke5 {[%emt 0:03:19]} 37. Kb5 {[%emt 0:00:03]} Kf4 {[%emt 0:00:08]} 38. Ka6 {[%emt 0:00:02]} Kg3 {[%emt 0:00:05]} 39. Kxa7 {[%emt 0:00:02]} Kxh3 {[%emt 0:00:08]} 40. Kxb6 {[%emt 0:00:11]} Kg3 {[%emt 0:00:03]} 41. a5 {[%emt 0:00:05]} h3 {[%emt 0:00:04]} 42. a6 {[%emt 0:00:02]} h2 {[%emt 0:00:06]} 43. a7 {[%emt 0:00:02]} h1=Q {[%emt 0:00:07]} 44. a8=Q {[%emt 0:00:02]} Qxf3 {[%emt 0:03:15]} 45. Qxf3+ {[%emt 0:00:05]} Kxf3 {[%emt 0:00:04]} 46. Kc6 {[%emt 0:00:04]} Kxg4 {[%emt 0:00:06]} 47. b4 {[%emt 0:00:01]} Kf5 {[%emt 0:00:41]} 48. b5 {[%emt 0:00:03]} g4 {[%emt 0:00:07]} 49. b6 {[%emt 0:00:05]} g3 {[%emt 0:00:03]} 50. b7 {[%emt 0:00:02]} g2 {[%emt 0:00:05]} 51. b8=Q {[%emt 0:00:03]} g1=Q {[%emt 0:00:08]} 52. Qc8+ {[%emt 0:00:11]} Kf6 {[%emt 0:00:29]} 53. Qh8+ {[%emt 0:00:06]} Qg7 {[%emt 0:00:51]} 54. Qh4+ {[%emt 0:00:44]} Qg5 {[%emt 0:02:04]} 55. Qd4+ {[%emt 0:01:04]} Kg6 {[%emt 0:00:31]} 56. Qe4+ {[%emt 0:00:38]} Kh6 {[%emt 0:00:55]} 57. Kd7 {[%emt 0:00:39]} f5 {[%emt 0:01:24]} 58. Qh1+ {[%emt 0:00:53]} Kg6 {[%emt 0:00:57]} 59. Qb1 {[%emt 0:01:28]} Qe3 {[%emt 0:00:18]} 60. Qb2 {[%emt 0:01:49]} f4 {[%emt 0:01:51]} 61. Qg2+ {[%emt 0:00:04]} Kf6 {[%emt 0:00:25]} 62. Qc6+ {[%emt 0:00:35]} Kg5 {[%emt 0:00:17]} 63. Qd5+ {[%emt 0:00:06]} Kh4 {[%emt 0:00:13]} 64. Qc4 {[%emt 0:00:36]} Kh3 {[%emt 0:00:24]} 65. Qg8 {[%emt 0:02:58]} f3 {[%emt 0:00:35]} 66. Qh7+ {[%emt 0:00:04]} Kg2 {[%emt 0:00:18]} 67. Qg6+ {[%emt 0:00:04]} Kf1 {[%emt 0:00:12]} 68. Qc2 {[%emt 0:00:48]} f2 {[%emt 0:01:13]} 69. Qd1+ {[%emt 0:00:26]} Kg2 {[%emt 0:00:08]} 70. Qg4+ {[%emt 0:00:43]} Kh2 {[%emt 0:00:10]} 71. Qd1 0-1